Statistics for Greatest Small Forwards of All Time

Click here to take the quiz!

General Stats

  • This quiz has been taken 11 times
  • The average score is 15 of 25

Answer Stats

#TeamPlayer% Correct
1CavaliersLebron James
100%
3ThunderKevin Durant
91%
2CelticsLarry Bird
91%
12CelticsPaul Pierce
91%
5BullsScottie Pippen
91%
11KnicksCarmelo Anthony
82%
23CelticsJayson Tatum
82%
20HeatJimmy Butler
82%
6SpursKawhi Leonard
82%
13NuggetsDavid Thompson
73%
8LakersElgin Baylor
73%
9HawksDominique Wilkins
64%
476ersJulius Erving
64%
10LakersJames Worthy
55%
7CelticsJohn Havlicek
55%
14WarriorsRick Barry
55%
15NuggetsAlex English
45%
24RaptorsDemar Derozan
45%
16PacersPaul George
45%
21WarriorsPaul Arizin
36%
17KnicksBernard King
27%
18PistonsGrant Hill
27%
25KingsPeja Stojakovic
27%
22WaariorsAndre Iguodala
18%
19PistonsAdrian Dantley
9%

Score Distribution

Percentile by Number Answered

Percent of People with Each Score

Your Score History

You have not taken this quiz